[Event "Leutersdorf Sparkasse op 15th"]
[Site "Leutersdorf"]
[Date "2011.02.20"]
[Round "5"]
[White "Vogel, Roven"]
[Black "Laengert, Holger"]
[Result "1-0"]
[WhiteElo "1593"]
[BlackElo "1471"]
[PlyCount "121"]
[EventDate "2011.02.18"]
[EventType "swiss"]
[EventRounds "7"]
[EventCountry "GER"]
[SourceTitle "CBM 141 Extra"]
[Source "ChessBase"]
[SourceDate "2011.05.03"]
[SourceVersion "1"]
[SourceVersionDate "2011.05.03"]
[SourceQuality "1"]

1. e4 e6 2. d4 d5 3. e5 c5 4. c3 Qb6 5. Nf3 Nc6 6. a3 Bd7 7. b4 cxd4 8. cxd4 a6 9. Bb2 Nge7 10. Bd3 Ng6 11. 0-0 Be7 12. Nbd2 f6 13. Bxg6+ hxg6 14. Qc2 f5 15. Nb3 Na7 16. Nc5 Bb5 17. Rfc1 Kf7 18. Qd2 Rab8 19. Rc2 Qd8 20. Rac1 b6 21. Nd3 Bc4 22. Nf4 g5 23. Ne2 g4 24. Ne1 Rh7 25. f3 Qh8 26. fxg4 Rxh2 27. Nf3 Rh1+ 28. Kf2 g5 29. gxf5 g4 30. Rxh1 Qxh1 31. Ng3 Bh4 32. Nxh4 Qxh4 33. f6 Rh8 34. Rc1 Rh5 35. Qe3 Rf5+ 36. Ke1 Rf1+ 37. Kd2 Rxc1 38. Bxc1 Nc6 39. Kc3 a5 40. Bd2 axb4+ 41. axb4 Na7 42. Kb2 Nb5 43. Be1 Qh2 44. Qg5 Qh7 45. Bf2 Qg6 46. Qxg6+ Kxg6 47. Kc1 Na7 48. Kc2 Nc6 49. Kc3 b5 50. Be3 Nd8 51. Nh1 Bf1 52. Nf2 g3 53. Nh1 Bxg2 54. Nxg3 Nc6 55. Ne2 Bf3 56. Nf4+ Kf7 57. Nh3 Be4 58. Ng5+ Kg6 59. Nxe6 Bf5 60. Nf4+ Kf7 61. Nxd5 1-0

[Event "Leutersdorf Sparkasse op 15th"]
[Site "Leutersdorf"]
[Date "2011.02.19"]
[Round "2"]
[White "Laengert, Holger"]
[Black "Schulz, Karsten"]
[Result "0-1"]
[WhiteElo "1471"]
[BlackElo "2343"]
[PlyCount "82"]
[EventDate "2011.02.18"]
[EventType "swiss"]
[EventRounds "7"]
[EventCountry "GER"]
[SourceTitle "CBM 141 Extra"]
[Source "ChessBase"]
[SourceDate "2011.05.03"]
[SourceVersion "1"]
[SourceVersionDate "2011.05.03"]
[SourceQuality "1"]

1. Nf3 Nf6 2. d4 g6 3. Bd2 Bg7 4. e3 d6 5. g3 0-0 6. Bg2 Nbd7 7. Bc1 e5 8. dxe5 dxe5 9. Na3 Qe7 10. 0-0 e4 11. Nd2 Nc5 12. b4 Na4 13. Nab1 Nd5 14. c4 Nxb4 15. Qxa4 Bxa1 16. Ba3 a5 17. Nxe4 Bd7 18. Qb3 Bc6 19. Nbd2 Bg7 20. Nc3 Bxg2 21. Kxg2 c6 22. Rb1 Rad8 23. Nde4 f5 24. c5+ Nd5 25. Nxd5 Qxe4+ 26. f3 Qxd5 27. Qxd5+ Rxd5 28. Rxb7 Rd2+ 29. Kh3 Rxa2 30. Bc1 Ra1 31. Rxg7+ Kxg7 32. Bb2+ Kf7 33. Bxa1 a4 34. Kh4 a3 35. Kg5 a2 36. Kh6 Rb8 37. e4 fxe4 38. fxe4 Rb1 39. Be5 a1Q 40. Bxa1 Rxa1 41. h4 Re1 0-1

[Event "Leutersdorf Sparkasse op 15th"]
[Site "Leutersdorf"]
[Date "2011.02.19"]
[Round "3"]
[White "Roessler, Franziska"]
[Black "Laengert, Holger"]
[Result "0-1"]
[WhiteElo "1121"]
[BlackElo "1471"]
[PlyCount "76"]
[EventDate "2011.02.18"]
[EventType "swiss"]
[EventRounds "7"]
[EventCountry "GER"]
[SourceTitle "CBM 141 Extra"]
[Source "ChessBase"]
[SourceDate "2011.05.03"]
[SourceVersion "1"]
[SourceVersionDate "2011.05.03"]
[SourceQuality "1"]

1. e4 e6 2. d4 d5 3. exd5 exd5 4. Nf3 Nf6 5. c4 dxc4 6. Bxc4 Bb4+ 7. Nc3 0-0 8. Bf4 Bf5 9. 0-0 Bd6 10. Qc1 Nc6 11. a4 Nb4 12. Bxd6 Qxd6 13. Nb5 Qd8 14. Ng5 Nc2 15. Ra2 c6 16. Na3 Nxa3 17. Rxa3 Qxd4 18. Nf3 Qd6 19. Rd1 Qc7 20. Nd4 Bg6 21. Qg5 Rad8 22. Rc3 Ne4 23. Qg4 Nxc3 24. bxc3 Rfe8 25. g3 c5 26. Nc2 Rxd1+ 27. Qxd1 Qe5 28. Bf1 Qxc3 29. Bb5 Bxc2 30. Qd7 Qe1+ 31. Bf1 Rf8 32. Kg2 Be4+ 33. Kg1 Bc6 34. Qd3 Bxa4 35. Kg2 a6 36. Be2 Bb5 37. Qb3 Bxe2 38. Qxb7 Qf1# 0-1